000 00499nam a2200181Ia 4500
008 240925s9999 xx 000 0 und d
020 _a194313506
082 _a425THO
100 _aThomson, A J; Martinet ,A. V.
245 2 _aA Practical English Grammar Exercises 2
250 _a3rd
260 _aOxford:
_bOxford University
_c,1996.
300 _a224p.
_bNA
_fOriginal
500 _aIncludes Index
600 _aHumanities & Natural Science
650 _aEnglish and Old English
942 _cBK
999 _c2753
_d2753